| 000 | 00413nam a22001577a 4500 | ||
|---|---|---|---|
| 003 | MACL | ||
| 005 | 20190112145031.0 | ||
| 008 | 151121b xxu||||| |||| 00| 0 eng d | ||
| 040 | _cMACL | ||
| 041 | _aEnglish | ||
| 082 | _a100/POT | ||
| 100 |
_aPotter,Karl H. and Bhattacharyya,Sibajiban _917679 |
||
| 245 | _aEncyclopedia of Indian Philosophies volume Vll | ||
| 650 |
_aPhilosophy _917680 |
||
| 942 |
_2ddc _cBK |
||
| 999 |
_c50784 _d50784 |
||